| 000 | 00910nam a2200253 i 4500 | ||
|---|---|---|---|
| 001 | bg | ||
| 245 | 0 | 0 |
_aOrgany i korporacje ochrony prawa / _cpod red. nauk. Stanisława Sagana ; [poszczeg. rozdz. napisali Stanisław Sagan et al.]. |
| 260 |
_aWarszawa : _bWydaw. Prawnicze "LexisNexis", _c2001. |
||
| 300 |
_a362 s. ; _c24 cm. |
||
| 500 | _aTekst częśc. równol. pol., łac. | ||
| 504 | _aBibliogr. - Indeks. | ||
| 650 | 9 | _aOrgany ochrony prawnej | |
| 650 | 9 |
_aOrgany ochrony prawnej _zPolska |
|
| 655 | _aPodręczniki akademickie | ||
| 700 | 1 |
_aSAGAN, Stanisław _d(1951- ). _eRed. |
|
| 020 | _a8373340033 | ||
| 040 | _cBPK | ||
| 041 | 0 | _apollat | |
| 080 | _a34+351](438)(075.8)+341(075.8) | ||
| 920 | _a83-7334-003-3 | ||
| 942 | _cKS | ||
| 008 | s pl f |000 0 pol | ||
| 999 |
_c43016 _d43016 |
||
| 856 |
_uhttp://koha.tu.koszalin.pl/cgi-bin/koha/opac-detail.pl?biblionumber=43016 _yKatalog online BPK |
||